000 00341nam a2200145Ia 4500
001 R-1299
003 CODICE-MESSINA
005 20260212102505.0
008 260211s9999 xx 000 0 und d
040 _cimportazione_messina
100 _aJames Patterson E Maxine Paetro
245 0 _aBikini
260 _bLonganesi
942 _2ddc
_cBK
999 _c27799
_d27799